|
|
|
|
| LEADER |
01055ncm a22002412a 4500 |
| 001 |
001282169 |
| 003 |
CZ BrMZK |
| 005 |
20150612140855.0 |
| 007 |
qu |
| 008 |
121205s1877 gw |||||||||||||||||zxx d |
| 040 |
|
|
|a BOA001
|b cze
|
| 072 |
|
7 |
|a 786
|x Hudba pro klávesové nástroje
|2 Konspekt
|9 9
|
| 100 |
1 |
|
|a Svendsen, Johan Severin,
|d 1840-1911
|7 jn19990008375
|4 cmp
|
| 245 |
1 |
0 |
|a Carneval in Paris
|h [hudebnina] :
|b Op. 9 : Episode /
|c für grosses Orchester componirt von Johan S. Svendsen ; Clavierauszug zu 4 Händen bearbeitet von Alois Reckendorf
|
| 260 |
|
|
|a Leipzig :
|b E.W. Fritzsch,
|c 1877
|
| 300 |
|
|
|a 1 partitura (27 s.)
|
| 510 |
4 |
|
|a [Winiker, C. Haupt-Katalog der Musikalien-Leih-Anstalt,
|c 44 629]
|
| 700 |
1 |
|
|a Reckendorf, Alois,
|d 1841-1911
|7 ola200209021
|4 adp
|
| 910 |
|
|
|a BOA001
|b Mus4-0200.630
|
| 990 |
|
|
|a MU
|
| 991 |
|
|
|b 201303
|
| 996 |
6 |
|
|b 2619525457
|c Mus4-0200.630
|l MZK
|r Sklad / do 1 hodiny
|n 0
|p W
|w 001316528
|u 000020
|a 1
|e BOA001
|j MZK50
|s P
|
| 996 |
6 |
|
|b 2619525458
|c Mus4-0200.630
|l MZK
|r Sklad / do 1 hodiny
|n 0
|p W
|w 001316528
|u 000010
|a 1
|e BOA001
|j MZK50
|s P
|